Zákon o odpadoch a obce

Nový zákon o odpadoch č. 79/2015 Z.z. ruší doterajší zákon o odpadoch (č. 223/2001 Z.z.) a o obaloch (č. 119/2010 Z.z.). Mnohé zmeny sa dotýkajú obcí. Ruší sa Recyklačný fond a zodpovednosť za triedený zber odpadov z vyhradených výrobkov prechádza priamo na výrobcov, čo prináša pre obce dôležité zme...

Descrizione completa

Salvato in:
Dettagli Bibliografici
Autore principale: Gašparíková, Božena
Natura: Capitolo di libro
Lingua:slovacco
Soggetti:
Tags: Aggiungi Tag
Nessun Tag, puoi essere il primo ad aggiungerne!!

MARC

LEADER 00000naa a2200000 4500
001 0214785
005 20231114112737.3
041 0 |a slo 
044 |a SK 
245 1 0 |a Zákon o odpadoch a obce  |c Božena Gašparíková 
520 |a Nový zákon o odpadoch č. 79/2015 Z.z. ruší doterajší zákon o odpadoch (č. 223/2001 Z.z.) a o obaloch (č. 119/2010 Z.z.). Mnohé zmeny sa dotýkajú obcí. Ruší sa Recyklačný fond a zodpovednosť za triedený zber odpadov z vyhradených výrobkov prechádza priamo na výrobcov, čo prináša pre obce dôležité zmeny pri zabezpečovaní a financovaní triedeného zberu. Programy odpadového hospodárstva obcí. 
610 2 0 |a hospodárstvo odpadové 
610 2 0 |a odpad 
610 2 0 |a zber separovaný 
610 2 0 |a úpravy právne 
610 2 0 |a obce 
610 2 0 |a Slovensko 
100 1 |a Gašparíková, Božena